000 00552nmm a2200169Ia 4500
008 251105s9999||||xx |||||||||||||||||und||
020 _a9788436955644
041 _aspa
100 _aCruz Lablanca, Ignacio de la
245 0 _aApoyo administrativo a la gestión de recursos humanos
264 _a[Madrid, España] :
_bMinisterio de Educación, Cultura y Deporte de España,
_c2014
300 _a151 páginas
490 _aAula Mentor
650 _aEconomics and Business
856 _uhttps://public.digitaliapublishing.com/a/39815
942 _cCF
999 _c82246
_d82246